| 000 | 01174nam a2200253 a 4500 | ||
|---|---|---|---|
| 001 | 39292 | ||
| 003 | BD-RjUL | ||
| 005 | 20211209052947.0 | ||
| 008 | 160407b2011 bg a|||e |||| 00| 0 ben d | ||
| 020 |
_a9788191083231 _ctk. 300.00 |
||
| 035 | _a(BD-RjUL)39405 | ||
| 040 |
_aBD-RjUL _bben _cBD-RjUL |
||
| 041 | _aben | ||
| 041 | _aeng | ||
| 082 |
_223 _a891.4409 _bPAR 2011 |
||
| 245 |
_aপরশমণির প্রদীপ তোমার = Rabindranath Tagore Sesquicentennial Celebration Volume / _cসম্পাদনা : দেবনারায়ণ মোদক, মননকুমার মন্ডল |
||
| 260 |
_aকলকাতা : _bনেতাজি সুভাষ মুক্ত বিশ্ববিদ্যালয় ; _c২০১১. |
||
| 300 |
_a২৮৩ পৃ. : _bচিত্র. ; _c২৪ সেমি. |
||
| 650 |
_aবাংলা সাহিত্য _xইতিহাস ও সমালোচনা _9118060 |
||
| 650 |
_aBengali Litareture _xHistory & Criticism _9121134 |
||
| 700 |
_aমোদক, দেবনারায়ণ _9121135 |
||
| 700 |
_aমন্ডল, মননকুমার _9121096 |
||
| 942 |
_2ddc _cBK |
||
| 999 |
_c39292 _d39292 |
||